Đầu tư trực tiếp nước ngoài trong quá trình đẩy mạnh công nghiệp hóa - hiện đại hóa ở Việt Nam
Hình thức khai thác và sử dụng có hiệu quả vốn FDI, nhân tố quốc tế cho sự phát triển kinh tế của mỗi quốc gia trong thời đại ngày nay; Thực trạng - phương hướng và những giải pháp chủ yếu nhằm thu hút có hiệu quả vốn FDI trong quá trình đẩy mạnh công nghiệp hóa - hiện đại hóa ở Việt Nam....
Đã lưu trong:
| Tác giả chính: | |
|---|---|
| Tác giả khác: | |
| Định dạng: | Sách |
| Ngôn ngữ: | Vietnamese |
| Được phát hành: |
Hà Nội :
Đại học Kinh tế Quốc dân,
1997.
|
| Những chủ đề: | |
| Các nhãn: |
Thêm thẻ
Không có thẻ, Là người đầu tiên thẻ bản ghi này!
|
| Thư viện lưu trữ: | Mạng thư viện Đại học Đà Nẵng |
|---|
| LEADER | 01826cam a2200385 a 4500 | ||
|---|---|---|---|
| 001 | 000043938 | ||
| 003 | 2072 | ||
| 005 | 20220919142313.0 | ||
| 008 | 010217b1997 vm 000 vie | ||
| 040 | |a LRC |c LRC |d LRC | ||
| 041 | 0 | |a vie | |
| 082 | 1 | 4 | |a 337.597 |b ĐI-A |
| 100 | 1 | |a Đinh Văn An. | |
| 245 | 1 | 0 | |a Đầu tư trực tiếp nước ngoài trong quá trình đẩy mạnh công nghiệp hóa - hiện đại hóa ở Việt Nam |h [Thesis - Luận văn thạc sĩ khoa học kinh tế] / |c Đinh Văn An thực hiện; Vũ Văn Hân hướng dẫn. |
| 260 | |a Hà Nội : |b Đại học Kinh tế Quốc dân, |c 1997. | ||
| 300 | |a 126, 05 tr. : |b mh. ; |c 29 cm. | ||
| 520 | 3 | |a Hình thức khai thác và sử dụng có hiệu quả vốn FDI, nhân tố quốc tế cho sự phát triển kinh tế của mỗi quốc gia trong thời đại ngày nay; Thực trạng - phương hướng và những giải pháp chủ yếu nhằm thu hút có hiệu quả vốn FDI trong quá trình đẩy mạnh công nghiệp hóa - hiện đại hóa ở Việt Nam. | |
| 630 | 0 | 4 | |a FDI. |
| 630 | 0 | 4 | |a Công nghiệp hóa. |
| 630 | 0 | 4 | |a Hiện đại hóa. |
| 650 | 0 | 4 | |a Đầu tư |x Nước ngoài. |
| 700 | 1 | |a Vũ Văn Hân, |c PGS.PTS., |e hướng dẫn. | |
| OWN | |a DUT | ||
| AVA | |a UDN50 |b DUT |c Internal Resources |d 337.597 ĐI-A |e available |t Error 5001 Not defined in file expand_doc_bib_avail. |f 1 |g 0 |h N |i 0 |j NS |k 1 | ||
| 999 | |a From the UDN01 | ||
| AVA | |a UDN50 |b DUT |c Internal Resources |d 337.597 ĐI-A |e available |t Error 5001 Not defined in file expand_doc_bib_avail. |f 1 |g 0 |h N |i 0 |j NS |k 1 | ||
| TYP | |a Mixed Materials | ||
| TYP | |a Monograph | ||
| TYP | |a Printed language | ||
| 980 | |a Mạng thư viện Đại học Đà Nẵng | ||